00556 2200217 4500001002100000005001500021035002000036245002400056100000900080250001000089300003800099260003200137082000800169084001400177020001900191600002900210650002900239650003300268504002000301990001700321INLIS00000000000432120230815084624 a0010-08230000261 aTo The Bone /cLula0 aLula aCet 1 a330 hlm, :bilus ;c13,7 x 20 cm. aJakarta :bNaratama,c2021. a813 a813 LUL t a978623982540-9 aPenyunting Naskah,Hani W aPenyelaras Akhir,Meisesa aDesain Sampul,Carswell Cress aTentang Penulis a16003/P/2023